| 000 | 00971nam a2200265Ia 4500 | ||
|---|---|---|---|
| 003 | GCL | ||
| 008 | 140319s9999 xx 000 0 ara d | ||
| 020 | _a549 85516 1 | ||
| 040 |
_aGCL / _cGCL |
||
| 082 | 0 | 4 |
_a953.4 _bو ت |
| 100 | 1 | _aعبدالعزيز عبدالغنى ابراهيم | |
| 245 | 1 | 0 |
_aتاريخ عمان : _bرحلة فى شبه الجزيرة العربية / _cعبدالعزيز عبدالغنى ابراهيم |
| 700 | 1 | _aولستد، جيمس ريموند | |
| 250 | _aالاولى | ||
| 260 |
_aبيروت : _bدار الساقى ، _c2002 |
||
| 300 |
_a208 ص ؛ _c24 سم |
||
| 650 | 0 | 4 | _aمسقط - تاريخ |
| 650 | 0 | 4 | _aعمان - تاريخ |
| 650 | 0 | 4 | _aمسقط - السكان |
| 650 | 0 | 4 | _aالقبائل العربية - عمان |
| 650 | 0 | 4 | _aعمان - العادات والتقاليد |
| 650 | 0 | 4 | _aالمراة - احوال اجتماعية - عمان |
| 650 | 0 | 4 | _aالمراة العمانية |
| 942 |
_2ddc _cBK |
||
| 999 |
_c9940 _d9940 |
||